載入...

Survey of the universe

書目詳細資料
主要作者: Menzel, Donald H, et al
格式: Printed Book
出版: Prentice - Hall of India, Pvt. ltd., New Delhi 1970
主題:
LEADER 00525nam a2200193 4500
020
082 |a 523.1 MEN-S 
100 |a Menzel, Donald H, et al. 
245 |a Survey of the universe 
250
260 |a Prentice - Hall of India, Pvt. ltd., New Delhi  |c 1970 
300 |a 860 
490
500
590 |a VMV 
650 |a Universe; Descriptive astronomy 
942 |c BK 
999 |c 79027  |d 79027 
952 |0 0  |1 0  |4 0  |6 523_100000000000000_MENS  |7 0  |9 92495  |a PHY  |b PHY  |l 0  |o 523.1 MEN-S  |p PHY00708  |r 2019-09-24  |w 2019-09-24  |y BK